000 00838nam a2200253 i 4500
001 31883
003 ES-MaACL
005 20230906154451.0
007 t|
008 030130s1977 mx ||||1| spa d
020 _a84-375-0137-7
100 1 _aBeer, Stafford.
_927021
245 1 0 _aDiseñando la libertad /
_cpor Stafford Beer ; [traducción de Amparo Rodríguez].
250 _a[1ª ed. en español].
260 _aMéxico :
_bFondo de Cultura Económica,
_c1977.
300 _a164 p. ;
_c17 cm.
490 1 _aBreviarios del Fondo de Cultura Económica ;
_v271
700 1 _aRodríguez, Amparo.
_998209
830 0 _aBreviarios del Fondo de Cultura Económica ;
_v271
_9179682
852 _aES-MaACL
_jL-8395
_bR.109097
852 _aES-MaACL
_jA-8605
_bR.97421
852 _aES-MaACL
_jA-8148
_bR.97213
999 _c31883
_d31883